000 00497nam a2200169 4500
001 139249
003 ES-MaACL
005 20230906195733.0
007 t|
008 070214s1947 ag r ||||1| spa d
100 1 _aSaroyan, William.
_9103843
245 1 3 _aEl momento de tu vida
_b: ; La hermosa gente : teatro /
_cWilliam Saroyan.
260 _aBuenos Aires :
_bEd. Sudamericana,
_c1947.
300 _a227 p. ;
_c19 cm.
740 0 _aLa hermosa gente.
852 _aES-MaACL
_jD-5632
_bR.30643
999 _c139249
_d139249